[Event "BCF-chT2b 1920 (4NCL)"]
[Site "Daventry"]
[Date "2020.02.09"]
[Round "6.87"]
[White "McCarthy, Kevin"]
[Black "Grassie, Duncan"]
[Result "1-0"]
[WhiteElo "1997"]
[BlackElo "2079"]
[PlyCount "65"]
[EventDate "2020.01.11"]
[EventType "team-tourn"]
[EventRounds "11"]
[EventCountry "ENG"]
[SourceTitle "CBM 194 Extra"]
[Source "ChessBase"]
[SourceDate "2020.03.31"]
[SourceVersion "1"]
[SourceVersionDate "2020.03.31"]
[SourceQuality "1"]
[WhiteTeam "Grantham Sharks II"]
[BlackTeam "Alba"]
[WhiteTeamCountry "ENG"]
[BlackTeamCountry "ENG"]

1. d4 Nf6 2. Nc3 d5 3. e4 dxe4 4. f3 exf3 5. Nxf3 g6 6. Bc4 Bg7 7. Bf4 c6 8. Qd2 b5 9. Bd3 Nbd7 10. d5 Nxd5 11. Nxd5 cxd5 12. Bxb5 Bb7 13. Ne5 Bxe5 14. Bxe5 0-0 15. Bf4 a6 16. Bd3 Qb6 17. Be3 d4 18. Bh6 Qe6+ 19. Be2 Rfd8 20. 0-0 Nf6 21. Rae1 Qxa2 22. Qb4 Rd7 23. Bc4 Nd5 24. Qxb7 Rxb7 25. Bxa2 Nf6 26. Bc4 Rc7 27. b3 a5 28. Bf4 Rd7 29. Bb5 Rda7 30. Be5 Rc8 31. Bxd4 Rac7 32. c4 Ne8 33. Bb6 1-0

[Event "BCF-chT2b 1617 (4NCL)"]
[Site "England"]
[Date "2017.02.12"]
[Round "6.86"]
[White "Grassie, Duncan"]
[Black "Jamroz, Krzysztof"]
[Result "1-0"]
[WhiteElo "2069"]
[BlackElo "1994"]
[PlyCount "81"]
[EventDate "2016.11.19"]
[EventType "team-tourn"]
[EventRounds "11"]
[EventCountry "ENG"]
[SourceTitle "EXT 2019"]
[Source "ChessBase"]
[SourceDate "2018.10.10"]
[SourceVersion "1"]
[SourceVersionDate "2018.10.10"]
[SourceQuality "1"]
[WhiteTeam "Alba"]
[BlackTeam "KJCA Kings"]
[WhiteTeamCountry "SCO"]
[BlackTeamCountry "ENG"]

1. d4 Nf6 2. Bg5 Ne4 3. Bf4 c5 4. f3 Qa5+ 5. c3 Nf6 6. d5 Qb6 7. Bc1 g6 8. e4 d6 9. Na3 Bg7 10. Ne2 0-0 11. Ng3 Rd8 12. h4 h5 13. Bd3 e6 14. Nc4 Qc7 15. 0-0 b5 16. Ne3 c4 17. Bc2 Qc5 18. Kh1 exd5 19. Nxd5 Nxd5 20. exd5 Bb7 21. Bg5 Rd7 22. Qe2 Na6 23. Rad1 Qc8 24. Nxh5 gxh5 25. Qe4 f6 26. Qh7+ Kf8 27. Bh6 Bxh6 28. Qxh6+ Rg7 29. Qxf6+ Kg8 30. Rfe1 Qf8 31. Qe6+ Qf7 32. Qxd6 Re8 33. Re6 Nc7 34. Bg6 Rxg6 35. Rxg6+ Kh7 36. Rg5 Re2 37. Rd4 Ne8 38. Qf4 Nf6 39. Qf5+ Kh6 40. Rf4 Ng4 41. fxg4 1-0

[Event "London Classic op 8th"]
[Site "London"]
[Date "2016.12.16"]
[Round "9"]
[White "Grassie, Duncan"]
[Black "Rogacewicz, Mikolaj"]
[Result "1-0"]
[WhiteElo "2100"]
[BlackElo "1765"]
[PlyCount "67"]
[EventDate "2016.12.09"]
[EventType "swiss"]
[EventRounds "9"]
[EventCountry "ENG"]
[SourceTitle "CBM 176 Extra"]
[Source "ChessBase"]
[SourceDate "2017.03.02"]
[SourceVersion "1"]
[SourceVersionDate "2017.03.02"]
[SourceQuality "1"]

1. d4 e6 2. e4 d5 3. e5 c5 4. c3 Nc6 5. Nf3 Bd7 6. Be2 Nge7 7. 0-0 Rc8 8. Na3 cxd4 9. cxd4 Qb6 10. Nc2 Na5 11. b4 Nc4 12. a4 Nc6 13. b5 N6a5 14. Rb1 a6 15. Ne3 axb5 16. Nxc4 dxc4 17. axb5 Bxb5 18. Be3 Qa6 19. d5 exd5 20. Qxd5 Bc6 21. Qd4 Be7 22. Rb6 Qa8 23. e6 0-0 24. exf7+ Rxf7 25. Ng5 Bf6 26. Qg4 Bd7 27. Qh5 Bxg5 28. Qxg5 Nb3 29. Bh5 Rf5 30. Qe7 Rxh5 31. Qxd7 Qb8 32. Bf4 Qxf4 33. Qxc8+ Kf7 34. Qxb7+ 1-0

[Event "London Classic op 8th"]
[Site "London"]
[Date "2016.12.09"]
[Round "1"]
[White "Grassie, Duncan"]
[Black "Istratescu, Andrei"]
[Result "0-1"]
[WhiteElo "2100"]
[BlackElo "2596"]
[PlyCount "76"]
[EventDate "2016.12.09"]
[EventType "swiss"]
[EventRounds "9"]
[EventCountry "ENG"]
[SourceTitle "CBM 176 Extra"]
[Source "ChessBase"]
[SourceDate "2017.03.02"]
[SourceVersion "1"]
[SourceVersionDate "2017.03.02"]
[SourceQuality "1"]

1. d4 Nf6 2. Bg5 e6 3. Nd2 h6 4. Bh4 c5 5. e3 cxd4 6. exd4 Be7 7. c3 0-0 8. Bd3 b6 9. Ngf3 Bb7 10. Qe2 d6 11. 0-0-0 Nbd7 12. g4 Re8 13. Rhg1 Nd5 14. g5 g6 15. Bxg6 Nf4 16. Bxf7+ Kxf7 17. Qe3 Ng6 18. Rde1 Ndf8 19. Ne4 Bxe4 20. Qxe4 h5 21. Bg3 Bxg5+ 22. Nxg5+ Qxg5+ 23. f4 Qf5 24. Qb7+ Ne7 25. Bh4 Qd5 26. Qc7 Rac8 27. Qxa7 Ra8 28. Qc7 Rxa2 29. Kb1 Qb3 30. Rg2 Qa4 31. Kc1 Ra1+ 32. Kd2 Rxe1 33. Bxe1 Qb3 34. Ke3 Nfg6 35. Rg5 Qxb2 36. Rxh5 Qc1+ 37. Bd2 Qf1 38. Rh7+ Kg8 0-1

[Event "BCF-chT1b 1011 (4NCL)"]
[Site "England"]
[Date "2011.01.16"]
[Round "4.17"]
[White "Rogers, Jonathan"]
[Black "Grassie, Duncan"]
[Result "1-0"]
[WhiteElo "2338"]
[BlackElo "2096"]
[PlyCount "53"]
[EventDate "2010.11.06"]
[EventType "team-tourn"]
[EventRounds "7"]
[EventCountry "ENG"]
[SourceTitle "EXT 2012"]
[Source "ChessBase"]
[SourceDate "2011.11.24"]
[SourceVersion "1"]
[SourceVersionDate "2011.11.24"]
[SourceQuality "1"]
[WhiteTeam "Barbican II"]
[BlackTeam "Sambuca Sharks"]
[WhiteTeamCountry "ENG"]
[BlackTeamCountry "ENG"]

1. d4 Nf6 2. Nf3 g6 3. g3 Bg7 4. Bg2 0-0 5. 0-0 c6 6. c4 d5 7. cxd5 cxd5 8. Nc3 Nc6 9. Ne5 Nxe5 10. dxe5 Nd7 11. Nxd5 Nxe5 12. Bg5 Nc6 13. Qb3 h6 14. Be3 Be6 15. Rfd1 Qc8 16. Rac1 Rd8 17. Rxc6 bxc6 18. Nxe7+ Kh7 19. Nxc8 Bxb3 20. Rxd8 Be6 21. Bxc6 Rxc8 22. Rxc8 Bxc8 23. b4 a6 24. a4 Be5 25. b5 axb5 26. axb5 Bb8 27. Bf4 1-0

[Event "Dundee & Angus op"]
[Site "Dundee"]
[Date "2010.10.17"]
[Round "4"]
[White "Findlay, David John"]
[Black "Grassie, Duncan"]
[Result "1-0"]
[WhiteElo "2197"]
[BlackElo "2023"]
[PlyCount "55"]
[EventDate "2010.10.15"]
[EventType "swiss"]
[EventRounds "5"]
[EventCountry "SCO"]
[SourceTitle "EXT 2017"]
[Source "ChessBase"]
[SourceDate "2016.10.25"]
[SourceVersion "1"]
[SourceVersionDate "2016.10.25"]
[SourceQuality "1"]

1. e4 e6 2. d4 d5 3. e5 c5 4. Nf3 Nc6 5. Bd3 cxd4 6. 0-0 f6 7. Bf4 g6 8. Nbd2 Bg7 9. Re1 Nge7 10. exf6 Bxf6 11. Ne5 0-0 12. Ndf3 Nf5 13. Bxf5 exf5 14. Nxd4 Qb6 15. Nb3 d4 16. Nxc6 bxc6 17. Bd6 Rd8 18. Be7 Bxe7 19. Rxe7 a5 20. Qe2 Ra7 21. Qc4+ Kh8 22. Rae1 Rdd7 23. Re8+ Kg7 24. Rxc8 Re7 25. Qg8+ Kh6 26. Qf8+ Rg7 27. Qf6 Rgd7 28. Rg8 1-0

[Event "Dundee & Angus op"]
[Site "Dundee"]
[Date "2010.10.16"]
[Round "3"]
[White "Grant, Alan"]
[Black "Grassie, Duncan"]
[Result "0-1"]
[WhiteElo "2185"]
[BlackElo "2023"]
[PlyCount "82"]
[EventDate "2010.10.15"]
[EventType "swiss"]
[EventRounds "5"]
[EventCountry "SCO"]
[SourceTitle "EXT 2017"]
[Source "ChessBase"]
[SourceDate "2016.10.25"]
[SourceVersion "1"]
[SourceVersionDate "2016.10.25"]
[SourceQuality "1"]

1. Nf3 d5 2. c4 c6 3. d4 Nf6 4. Nbd2 g6 5. g3 Bg7 6. Bg2 0-0 7. 0-0 Bg4 8. Qb3 Qc7 9. h3 Bf5 10. g4 dxc4 11. Qxc4 Be6 12. Qc2 Na6 13. e4 Nb4 14. Qb1 Bxa2 15. Rxa2 Nxa2 16. Qxa2 e6 17. Re1 c5 18. e5 Nd5 19. dxc5 Qxc5 20. Ne4 Qb6 21. Bd2 Rac8 22. Nc3 Nxc3 23. bxc3 a6 24. Nd4 Qc7 25. f4 Rfd8 26. Rb1 Rb8 27. Rb3 Bf8 28. Qb2 Rd7 29. Be3 b5 30. Qa2 Qc4 31. Bf1 Qc8 32. Qf2 Rc7 33. Qd2 Qd8 34. Bg2 Rbc8 35. Ne2 Qxd2 36. Bxd2 Bc5+ 37. Kf1 Rd8 38. Ke1 Rcd7 39. Rb2 b4 40. Be4 a5 41. Nd4 bxc3 0-1

[Event "Cesky Krumlov op 1st"]
[Site "Cesky Krumlov"]
[Date "2007.10.20"]
[Round "9"]
[White "Kaufman, Raymond"]
[Black "Grassie, Duncan"]
[Result "1-0"]
[WhiteElo "2393"]
[BlackElo "2094"]
[PlyCount "109"]
[EventDate "2007.10.13"]
[EventType "swiss"]
[EventRounds "9"]
[EventCountry "CZE"]
[SourceTitle "EXT 2008"]
[Source "ChessBase"]
[SourceDate "2007.11.25"]
[SourceVersion "1"]
[SourceVersionDate "2007.11.25"]
[SourceQuality "1"]

1. Nf3 Nf6 2. c4 g6 3. g3 Bg7 4. Bg2 0-0 5. 0-0 d5 6. cxd5 Nxd5 7. d4 Nb6 8. Nc3 c6 9. Bf4 Bg4 10. Ne5 Be6 11. Ne4 N8d7 12. Nxd7 Qxd7 13. e3 Nd5 14. Nc5 Qc8 15. Rc1 Nxf4 16. gxf4 Bh3 17. Qf3 Bxg2 18. Qxg2 b6 19. Nd3 Qf5 20. Nb4 c5 21. dxc5 bxc5 22. Nd5 Qd7 23. Rfd1 Qa4 24. Nxe7+ Kh8 25. Qd5 Rfe8 26. b3 Qxa2 27. Rxc5 Qe2 28. Rc7 Bf6 29. Nc6 Bh4 30. Rd2 Qg4+ 31. Kh1 Qe6 32. Rxf7 Qxd5+ 33. Rxd5 Rac8 34. Ne5 Re7 35. Rxe7 Bxe7 36. Kg2 Rc2 37. Nf3 Rc3 38. Rd7 Bc5 39. Rc7 Bd4 40. Rxc3 Bxc3 41. Ne5 Kg7 42. Kf3 Kf6 43. Ke4 Ke6 44. Nf3 Bf6 45. Ng5+ Kd6 46. Kd3 Kd5 47. Nxh7 Bh4 48. Nf8 g5 49. e4+ Kd6 50. fxg5 Bxf2 51. Ng6 Ke6 52. h4 Kf7 53. h5 Bb6 54. Nf4 Bd8 55. g6+ 1-0

[Event "Cesky Krumlov op 1st"]
[Site "Cesky Krumlov"]
[Date "2007.10.19"]
[Round "8"]
[White "Grassie, Duncan"]
[Black "Peniska, Pavel"]
[Result "1-0"]
[WhiteElo "2094"]
[BlackElo "1988"]
[PlyCount "65"]
[EventDate "2007.10.13"]
[EventType "swiss"]
[EventRounds "9"]
[EventCountry "CZE"]
[SourceTitle "EXT 2008"]
[Source "ChessBase"]
[SourceDate "2007.11.25"]
[SourceVersion "1"]
[SourceVersionDate "2007.11.25"]
[SourceQuality "1"]

1. d4 d5 2. Bg5 Bf5 3. e3 Nd7 4. c4 c6 5. Nc3 Ngf6 6. Nf3 Qa5 7. cxd5 Nxd5 8. Qb3 Nxc3 9. bxc3 e6 10. Be2 Bd6 11. 0-0 Rb8 12. c4 c5 13. d5 exd5 14. cxd5 h6 15. Bh4 0-0 16. Bg3 Bxg3 17. hxg3 b5 18. Nh4 c4 19. Qd1 Bh7 20. a4 Nb6 21. axb5 Qxb5 22. Rxa7 Nxd5 23. Qd4 Nb6 24. Rd1 Bc2 25. Rc1 Rbd8 26. Qg4 Rd6 27. Kh2 Qb2 28. Rxc2 Qxc2 29. Nf5 Rg6 30. Ne7+ Kh7 31. Nxg6 fxg6 32. Qd4 Rg8 33. Bg4 1-0

[Event "Blackpool op 31st"]
[Site "Blackpool"]
[Date "2007.03.18"]
[Round "4"]
[White "Grassie, Duncan"]
[Black "Lyell, Mark"]
[Result "1-0"]
[WhiteElo "2106"]
[BlackElo "2212"]
[PlyCount "80"]
[EventDate "2007.03.16"]
[EventType "swiss"]
[EventRounds "5"]
[EventCountry "ENG"]
[SourceTitle "CBM 117 Extra"]
[Source "ChessBase"]
[SourceDate "2007.05.09"]
[SourceVersion "1"]
[SourceVersionDate "2007.05.09"]
[SourceQuality "1"]

1. d4 d5 2. Bg5 c6 3. e3 Qb6 4. Qc1 Bf5 5. Nf3 Nd7 6. c4 Bxb1 7. Rxb1 e5 8. a3 f6 9. Bh4 g5 10. Bg3 g4 11. c5 Qa5+ 12. b4 Qa4 13. Nd2 exd4 14. exd4 Kf7 15. Be2 Re8 16. Nf1 Bh6 17. Ne3 f5 18. 0-0 Ngf6 19. Bd1 Qa6 20. a4 Re4 21. Qc2 Bxe3 22. fxe3 Rxe3 23. Qxf5 Ke8 24. Bxg4 Qd3 25. Bh5+ Nxh5 26. Qxh5+ Qg6 27. Qh4 Qe4 28. Rbe1 Qxh4 29. Rxe3+ Qe7 30. Rxe7+ Kxe7 31. Bh4+ Ke6 32. Re1+ Kf5 33. Re7 Nf6 34. Rf7 Ke4 35. Bxf6 Re8 36. Be5 Kd3 37. b5 Kc4 38. Rxb7 cxb5 39. axb5 Ra8 40. c6 a6 1-0

[Event "BCF-chT2 0607 (4NCL)"]
[Site "Sunningdale"]
[Date "2007.01.14"]
[Round "6.4"]
[White "Osborne, Marcus E"]
[Black "Grassie, Duncan"]
[Result "1/2-1/2"]
[WhiteElo "2257"]
[BlackElo "2106"]
[PlyCount "96"]
[EventDate "2006.09.16"]
[EventType "team"]
[EventRounds "11"]
[EventCountry "ENG"]
[SourceTitle "EXT 2008"]
[Source "ChessBase"]
[SourceDate "2007.11.25"]
[SourceVersion "1"]
[SourceVersionDate "2007.11.25"]
[SourceQuality "1"]
[WhiteTeam "Richmond"]
[BlackTeam "Slough Sharks II"]
[WhiteTeamCountry "ENG"]
[BlackTeamCountry "ENG"]

1. d4 Nf6 2. c4 g6 3. Nf3 Bg7 4. Nc3 d5 5. cxd5 Nxd5 6. Na4 0-0 7. e4 Nb6 8. Be2 Nc6 9. Nxb6 axb6 10. d5 Ne5 11. Nd4 Re8 12. f4 Nd7 13. Bf3 Nc5 14. e5 e6 15. b4 Na6 16. dxe6 Bxe6 17. Nxe6 Qxd1+ 18. Bxd1 Rxe6 19. Rb1 Bf8 20. a3 c5 21. b5 Nc7 22. Bb3 Ree8 23. 0-0 Ne6 24. f5 Nd4 25. fxg6 Rxe5 26. gxh7+ Kxh7 27. Rxf7+ Bg7 28. Bb2 Rae8 29. Bxd4 cxd4 30. Bc2+ Kg8 31. Rxb7 Re2 32. Bb3+ Kh8 33. Bc4 d3 34. Rd7 R2e4 35. Bxd3 Bd4+ 36. Rxd4 Rxd4 37. Bf1 Re3 38. Rc1 Rxa3 39. Rc8+ Kg7 40. Rc7+ Kf6 41. Rc6+ Ke5 42. Rxb6 Rf4 43. Ra6 Rb3 44. Ra2 Rb1 45. Rf2 Rfb4 46. Re2+ Kf5 47. Rd2 Rxb5 48. Kf2 R5b2 1/2-1/2

[Event "Oban op"]
[Site "Oban"]
[Date "2006.12.02"]
[Round "3"]
[White "Neave, George"]
[Black "Grassie, Duncan"]
[Result "1/2-1/2"]
[WhiteElo "2042"]
[BlackElo "1924"]
[PlyCount "130"]
[EventDate "2006.12.01"]
[EventType "swiss"]
[EventRounds "5"]
[EventCountry "SCO"]
[SourceTitle "EXT 2008"]
[Source "ChessBase"]
[SourceDate "2007.11.25"]
[SourceVersion "1"]
[SourceVersionDate "2007.11.25"]
[SourceQuality "1"]

1. e4 e6 2. d4 d5 3. Nd2 Nf6 4. e5 Nfd7 5. c3 c5 6. Bd3 Nc6 7. Ne2 cxd4 8. cxd4 f6 9. exf6 Nxf6 10. 0-0 Bd6 11. Nf3 0-0 12. Bf4 Bxf4 13. Nxf4 Qd6 14. g3 e5 15. dxe5 Nxe5 16. Nxe5 Qxe5 17. Qb3 Kh8 18. Qb4 Bd7 19. Rfe1 Qc7 20. Rac1 Qb6 21. Qxb6 axb6 22. Rc7 Rxa2 23. Re7 Rxb2 24. Rcxd7 Nxd7 25. Rxd7 b5 26. Rxd5 Rd2 27. Kf1 b4 28. Ke1 Ra2 29. Rh5 Re8+ 30. Kf1 h6 31. Rb5 g5 32. Ng6+ Kg7 33. Rxb7+ Kf6 34. Rxb4 Rd2 35. Rb6+ Re6 36. Rxe6+ Kxe6 37. Bc4+ Kf6 38. Nf8 Rd4 39. Bb3 Rd3 40. Bc2 Rd2 41. Be4 Kf7 42. Ng6 Rd4 43. f3 Kf6 44. Ke2 Ra4 45. h4 Ra2+ 46. Ke3 gxh4 47. Nxh4 Ra3+ 48. Kf4 Ra4 49. Ng2 Ke6 50. Ne3 Kf6 51. Kg4 Kg7 52. Kh5 Ra5+ 53. Nf5+ Kh7 54. Kg4 Kg6 55. Ne3+ Kg7 56. Nd5 Rc5 57. Kf5 Ra5 58. g4 Rb5 59. Ke5 Ra5 60. f4 Rb5 61. f5 Ra5 62. f6+ Kf7 63. Kf5 Rc5 64. g5 hxg5 65. Kxg5 Ra5 1/2-1/2

[Event "EU Union-ch"]
[Site "Liverpool"]
[Date "2006.09.14"]
[Round "9"]
[White "Grassie, Duncan"]
[Black "Hulligan, Steve"]
[Result "1-0"]
[WhiteElo "2042"]
[BlackElo "1821"]
[PlyCount "63"]
[EventDate "2006.09.06"]
[EventType "swiss"]
[EventRounds "10"]
[EventCountry "ENG"]
[SourceTitle "CBM 114 Extra"]
[Source "ChessBase"]
[SourceDate "2006.11.03"]
[SourceVersion "1"]
[SourceVersionDate "2006.11.03"]
[SourceQuality "1"]

1. d4 e6 2. e4 d5 3. e5 c5 4. c3 Nc6 5. Nf3 cxd4 6. cxd4 Nge7 7. Nc3 Ng6 8. Bd3 Bb4 9. 0-0 Bxc3 10. bxc3 f5 11. Ng5 a6 12. Qh5 Nce7 13. Ba3 Kf8 14. g4 Kg8 15. gxf5 exf5 16. Kh1 Bd7 17. Rg1 Be8 18. Ne6 Qd7 19. Bxf5 Nxf5 20. Qxf5 Qf7 21. Qxf7+ Bxf7 22. Nc5 b6 23. Nd7 b5 24. f4 Ra7 25. f5 Rxd7 26. e6 Rc7 27. exf7+ Rxf7 28. fxg6 hxg6 29. Raf1 Rxf1 30. Rxf1 Rh3 31. Rf8+ Kh7 32. Bb4 1-0

[Event "Politiken Cup 28th"]
[Site "Copenhagen"]
[Date "2006.07.30"]
[Round "9"]
[White "Aabling Thomsen, Jakob"]
[Black "Grassie, Duncan"]
[Result "0-1"]
[WhiteElo "2271"]
[BlackElo "2042"]
[PlyCount "64"]
[EventDate "2006.07.22"]
[EventType "swiss"]
[EventRounds "9"]
[EventCountry "DEN"]
[SourceTitle "CBM 113 Extra"]
[Source "ChessBase"]
[SourceDate "2006.09.14"]
[SourceVersion "1"]
[SourceVersionDate "2006.09.14"]
[SourceQuality "1"]

1. e4 e6 2. d4 d5 3. Nc3 Nf6 4. Bg5 Be7 5. e5 Nfd7 6. h4 Bxg5 7. hxg5 Qxg5 8. Nf3 Qe7 9. Qd3 g6 10. 0-0-0 Nc6 11. Qe3 Nb6 12. g4 Bd7 13. Rh6 0-0-0 14. g5 Na5 15. Qf4 Nac4 16. Bxc4 dxc4 17. Nh2 Bc6 18. Ng4 Nd5 19. Nxd5 Rxd5 20. c3 b5 21. Qf6 Qf8 22. Rdh1 Rd8 23. R1h3 b4 24. Kd2 Qc5 25. Rxh7 bxc3+ 26. bxc3 Rxd4+ 27. cxd4 Qxd4+ 28. Ke2 Rd8 29. f3 c3 30. Kf1 c2 31. Kg2 c1Q 32. Rh1 Qxg4+ 0-1

[Event "Politiken Cup 28th"]
[Site "Copenhagen"]
[Date "2006.07.25"]
[Round "4"]
[White "Grassie, Duncan"]
[Black "Hernandez Castro, Julio Cesar"]
[Result "1-0"]
[WhiteElo "2042"]
[BlackElo "1916"]
[PlyCount "82"]
[EventDate "2006.07.22"]
[EventType "swiss"]
[EventRounds "9"]
[EventCountry "DEN"]
[SourceTitle "CBM 113 Extra"]
[Source "ChessBase"]
[SourceDate "2006.09.14"]
[SourceVersion "1"]
[SourceVersionDate "2006.09.14"]
[SourceQuality "1"]

1. d4 Nf6 2. Bg5 e6 3. e4 h6 4. Bxf6 Qxf6 5. Qd2 d5 6. e5 Qd8 7. f4 c5 8. c3 cxd4 9. cxd4 Nc6 10. Nf3 Bb4 11. Nc3 Qa5 12. Bd3 Bd7 13. Rc1 Rc8 14. a3 Be7 15. 0-0 a6 16. Kh1 b5 17. g4 Qb6 18. Qf2 h5 19. gxh5 Rxh5 20. Rg1 Bf8 21. f5 Ne7 22. f6 gxf6 23. exf6 Nf5 24. Rg8 Nh6 25. Rxf8+ Kxf8 26. Qg3 Ke8 27. Bg6 Nf5 28. Bxf5 Kd8 29. Ne5 Be8 30. Bg6 fxg6 31. f7 Bxf7 32. Nxf7+ Ke7 33. Qxg6 Rf5 34. Re1 Rxc3 35. Qxf5 Rb3 36. Qg5+ Kxf7 37. Rf1+ Ke8 38. Qg8+ Kd7 39. Rf7+ Kd6 40. Qf8+ Kc6 41. Qe8+ Kd6 1-0

[Event "Edinburgh Premier"]
[Site "Edinburgh"]
[Date "2006.04.02"]
[Round "5"]
[White "Grassie, Duncan"]
[Black "Duke, Michael"]
[Result "0-1"]
[WhiteElo "2051"]
[BlackElo "2081"]
[PlyCount "64"]
[EventDate "2006.03.31"]
[EventType "swiss"]
[EventRounds "5"]
[EventCountry "SCO"]
[SourceTitle "EXT 2023"]
[Source "ChessBase"]
[SourceDate "2022.10.05"]
[SourceVersion "1"]
[SourceVersionDate "2022.10.05"]
[SourceQuality "1"]

1. d4 Nf6 2. Bg5 e6 3. e4 c5 4. e5 h6 5. Bh4 g5 6. Bg3 Ne4 7. d5 Qb6 8. Nc3 Nxg3 9. hxg3 Qxb2 10. Nge2 a6 11. Rb1 Qa3 12. Ne4 Qxa2 13. N2c3 Qa5 14. Qf3 Be7 15. d6 Bd8 16. Nf6+ Kf8 17. Kd2 Nc6 18. Qe3 Bxf6 19. exf6 c4 20. Rb5 Qa3 21. Qxg5 Rg8 22. Qxh6+ Ke8 23. Rg5 Qxd6+ 24. Nd5 Rf8 25. Qxf8+ Qxf8 26. Rgh5 exd5 27. Rh8 Ne7 28. Bxc4 Ng8 29. Bxd5 Kd8 30. R1h7 Kc7 31. Rxf7 Qb4+ 32. c3 Qd6 0-1

[Event "Grangemouth op"]
[Site "Grangemouth"]
[Date "2006.??.??"]
[Round "?"]
[White "Findlay, David John"]
[Black "Grassie, Duncan"]
[Result "1/2-1/2"]
[WhiteElo "2239"]
[BlackElo "2047"]
[PlyCount "125"]
[EventDate "2006.??.??"]
[EventType "swiss"]
[EventRounds "5"]
[EventCountry "SCO"]
[SourceTitle "EXT 2008"]
[Source "ChessBase"]
[SourceDate "2007.11.25"]
[SourceVersion "1"]
[SourceVersionDate "2007.11.25"]
[SourceQuality "1"]

1. e4 e6 2. d4 d5 3. Nc3 Nf6 4. e5 Nfd7 5. Nf3 c5 6. dxc5 Bxc5 7. Bd3 Nc6 8. Qe2 f6 9. exf6 Nxf6 10. 0-0 0-0 11. Bg5 Bd7 12. Rae1 a6 13. Bh4 b5 14. Ng5 Nd4 15. Qe5 Qb8 16. Bg3 Qxe5 17. Bxe5 h6 18. Bxd4 Bxd4 19. Nxe6 Bxe6 20. Rxe6 Ng4 21. Nd1 Ne5 22. Be2 Nc4 23. c3 Bc5 24. Bh5 Rf5 25. Bg6 Rg5 26. Rfe1 Rf8 27. R1e2 d4 28. b3 Na3 29. cxd4 Bxd4 30. Rxa6 b4 31. Bd3 Kh8 32. g3 Rd5 33. Ne3 Rc5 34. Kg2 Nb5 35. Bxb5 Rxb5 36. Nc4 Bc3 37. Rc2 Rbf5 38. f4 Rd5 39. Rd6 Rd8 40. Rxd8+ Rxd8 41. Kf3 Kg8 42. Ke4 Kf7 43. a4 Rd4+ 44. Ke3 Rd1 45. Nd2 Re1+ 46. Kf3 Rh1 47. Ne4 Rb1 48. Nxc3 Rxb3 49. Ke4 bxc3 50. Kd4 Rb4+ 51. Kxc3 Rxa4 52. Kd3 Kf6 53. Ke3 Kf5 54. Kf3 Ra3+ 55. Kg2 Ra5 56. Kh3 g5 57. Rf2 gxf4 58. Rxf4+ Kg5 59. Rf8 Ra4 60. Rg8+ Kf6 61. g4 Ra2 62. Kh4 Ra5 63. Rb8 1/2-1/2

[Event "Budapest FS06 FM-B"]
[Site "Budapest"]
[Date "2005.06.10"]
[Round "7"]
[White "Grassie, Duncan"]
[Black "Lakat, Gyula"]
[Result "1/2-1/2"]
[WhiteElo "1998"]
[BlackElo "1983"]
[PlyCount "118"]
[EventDate "2005.06.04"]
[EventType "tourn"]
[EventRounds "11"]
[EventCountry "HUN"]
[SourceTitle "CBM 106 Extra"]
[Source "ChessBase"]
[SourceDate "2005.07.01"]
[SourceVersion "1"]
[SourceVersionDate "2005.07.01"]
[SourceQuality "1"]

1. d4 Nf6 2. Bg5 c5 3. Bxf6 gxf6 4. d5 f5 5. c3 d6 6. Nf3 Bg7 7. e3 a6 8. a4 e5 9. dxe6 fxe6 10. h4 Nc6 11. Ng5 Ne5 12. Qh5+ Kd7 13. Na3 h6 14. Nh3 Kc7 15. Nf4 Qe8 16. Nc4 Bd7 17. Qd1 Nxc4 18. Bxc4 Qf7 19. Qb3 Rhe8 20. a5 Be5 21. 0-0-0 Kb8 22. h5 Bxf4 23. exf4 d5 24. Be2 c4 25. Qb6 Ba4 26. Rd2 Qc7 27. Qb4 Bb3 28. g3 Ka7 29. Bf3 Red8 30. Re1 Rd6 31. Rde2 Re8 32. Re5 Qd7 33. Qc5+ Kb8 34. Rxd5 Rxd5 35. Bxd5 Rd8 36. Re5 exd5 37. Re7 Qc6 38. Qe3 d4 39. cxd4 Qh1+ 40. Kd2 Qd5 41. Qe5+ Qxe5 42. fxe5 Rxd4+ 43. Kc3 Re4 44. f4 Ba4 45. Kb4 Bc6 46. Rh7 Re3 47. Rxh6 Rxg3 48. Rf6 Rb3+ 49. Kxc4 Rxb2 50. Rxf5 Kc7 51. Rf7+ Kd8 52. h6 Rh2 53. h7 Be8 54. Rxb7 Bd7 55. Ra7 Rxh7 56. Rxa6 Rf7 57. Kd5 Rxf4 58. e6 Bc8 59. Ra7 Rf1 1/2-1/2

[Event "Glenrothes op"]
[Site "Glenrothes"]
[Date "2005.03.05"]
[Round "3"]
[White "Grassie, Duncan"]
[Black "Stokes, Ivan"]
[Result "1/2-1/2"]
[WhiteElo "1998"]
[BlackElo "1983"]
[PlyCount "84"]
[EventDate "2005.03.04"]
[EventType "swiss"]
[EventRounds "5"]
[EventCountry "SCO"]
[SourceTitle "EXT 2009"]
[Source "ChessBase"]
[SourceDate "2008.11.26"]
[SourceVersion "1"]
[SourceVersionDate "2008.11.26"]
[SourceQuality "1"]

1. d4 c5 2. d5 Nf6 3. Bg5 Qa5+ 4. c3 Qb6 5. b3 Ne4 6. Bc1 Qf6 7. Nf3 Nxc3 8. Nxc3 Qxc3+ 9. Bd2 Qb2 10. e4 e6 11. Bc4 exd5 12. Bxd5 Be7 13. 0-0 0-0 14. Rb1 Qa3 15. Ne5 Qa6 16. f4 Nc6 17. Bc3 Nxe5 18. Bxe5 Bf6 19. Bxf6 Qxf6 20. e5 Qe7 21. Qh5 d6 22. Rbe1 g6 23. Qh6 Be6 24. exd6 Qf6 25. Bxb7 Rad8 26. Be4 Rxd6 27. Kh1 Bd5 28. Qh3 Bxe4 29. Rxe4 Rfd8 30. Rfe1 Rd1 31. Qg3 R8d3 32. Re8+ Kg7 33. Qf2 Rd4 34. Rxd1 Rxd1+ 35. Re1 Qxf4 36. Qb2+ Qd4 37. Qxd4+ Rxd4 38. Kg1 c4 39. Kf1 c3 40. Rc1 Rd3 41. Rc2 f5 42. Ke2 Rd7 1/2-1/2

[Event "Edinburgh"]
[Site "Edinburgh"]
[Date "2003.04.13"]
[Round "9"]
[White "Grassie, Duncan"]
[Black "Burnett, Walter"]
[Result "1-0"]
[WhiteElo "1981"]
[BlackElo "1890"]
[PlyCount "81"]
[EventDate "2003.04.??"]
[EventType "tourn"]
[EventRounds "9"]
[EventCountry "SCO"]
[SourceTitle "EXT 2006"]
[Source "ChessBase"]
[SourceDate "2005.11.24"]
[SourceVersion "1"]
[SourceVersionDate "2005.11.24"]
[SourceQuality "1"]

1. d4 d6 2. Bg5 c6 3. Nf3 Bg4 4. c4 Nd7 5. Nc3 Qa5 6. Qd2 Nb6 7. e4 e5 8. d5 f5 9. exf5 h6 10. Bh4 Bxf5 11. Bd3 Bxd3 12. Qxd3 g5 13. Qg6+ Kd7 14. 0-0-0 Nxc4 15. Qe6+ Kc7 16. dxc6 bxc6 17. Qxc4 gxh4 18. Rd5 Qb6 19. Rxe5 Qxf2 20. Nb5+ Kb6 21. Nbd4 Rc8 22. Re8 Qxg2 23. Rxc8 Qxh1+ 24. Kc2 Qg2+ 25. Kb3 Ne7 26. Rxc6+ Kb7 27. Qb5+ Ka8 28. Rc7 Qg8+ 29. Ka3 Qd5 30. Rc8+ Nxc8 31. Qxd5+ Kb8 32. Nc6+ Kc7 33. Nfd4 Nb6 34. Ne6+ Kd7 35. Nxf8+ Rxf8 36. Ne5+ Kc7 37. Qc6+ Kd8 38. Qxd6+ Ke8 39. Qe6+ Kd8 40. Nf7+ Kc7 41. Qd6+ 1-0